000 00634nam a2200229Ia 4500
003 OSt
005 20220924133247.0
006 a|||||r|||| 00| 0
007 ta
008 220923b |||||||| |||| 00| 0 ara d
024 _a262275
037 _cTextual
040 _aARTS
_cARTS
_bara
041 _2ara
_aara
082 _aO28,3x677,N7, L4
100 _aShauqat Mehmood Hamid Au.
_9205983
245 0 _aMaqumat al-qissatul arabiya al-hadis fi Misr
260 _c1974
650 _aARABIC FICTION
_964594
942 _hO28,3x677,N7, L4
_cTEXL
_2CC
999 _c433143
_d433143